| 000 | 00549nam a22001817a 4500 | ||
|---|---|---|---|
| 003 | AM-YeHGA | ||
| 005 | 20250617154524.0 | ||
| 008 | 181018s ||||| |||| 00| 0 rus d | ||
| 040 | _aAM-YeHGA | ||
| 041 | 0 | _arus | |
| 100 | 1 | _aШаховский, Борис Михайлович. | |
| 245 | 1 | 0 |
_aДо новых встреч / _cБ. Шаховский. |
| 260 |
_aАстрахань : _b Газ. "Волга", _c1953. |
||
| 300 |
_a60 с., _bил. |
||
| 653 | 0 | _aРусская литератьура | |
| 942 |
_2udc _cBK |
||
| 090 | _c416030 | ||
| 999 |
_c413722 _d413722 |
||